[Event "Wohlen op 3rd"]
[Site "Wohlen"]
[Date "2022.08.20"]
[Round "3"]
[White "Eichenberger, Lothar"]
[Black "Gromovs, Sergejs"]
[Result "0-1"]
[WhiteElo "1624"]
[BlackElo "2178"]
[PlyCount "52"]
[EventDate "2022.08.19"]
[EventType "swiss"]
[EventRounds "5"]
[EventCountry "SUI"]
[SourceTitle "CBM 210 Extra"]
[Source "ChessBase"]
[SourceDate "2022.11.30"]
[SourceVersion "1"]
[SourceVersionDate "2022.11.30"]
[SourceQuality "1"]

1. d4 c5 2. d5 e5 3. e4 d6 4. Bb5+ Nd7 5. Ne2 Be7 6. Ng3 g6 7. 0-0 Bg5 8. f4 exf4 9. Bxf4 Bxf4 10. Rxf4 Qe7 11. Nd2 h5 12. Qf1 Nh6 13. Re1 0-0 14. Nc4 Ng4 15. e5 dxe5 16. h3 Qg5 17. Rxg4 hxg4 18. Ne4 Qd8 19. Bxd7 Bxd7 20. Nxe5 Bf5 21. Nxg4 Bxe4 22. Nf6+ Kg7 23. Nxe4 Re8 24. Qc4 Qe7 25. Qc3+ Qe5 26. Qxe5+ Rxe5 0-1